Construction Process Planning and Management: An Owner's Guide to Successful Projects

Detalles Bibliográficos
Autor Principal: Levy S. M. Sidney
Summary:Заглавие с титульного экрана
Режим доступа: из корпоративной сети ТПУ
Idioma:inglés
Publicado: Amsterdam, Elsevier, 2010
Subjects:
Acceso en liña:http://www.lib.tpu.ru/fulltext2/m/2016/science_book/Construction%20Process.pdf
Formato: Electrónico Libro
KOHA link:https://koha.lib.tpu.ru/cgi-bin/koha/opac-detail.pl?biblionumber=313853

MARC

LEADER 00000nlm0a2200000 4500
001 313853
005 20231102002623.0
035 |a (RuTPU)RU\TPU\book\339244 
035 |a RU\TPU\book\339239 
090 |a 313853 
100 |a 20160204d2010 k y0engy50 ba 
101 0 |a eng 
102 |a NL 
105 |a a z 001zy 
135 |a drgn ---uucaa 
200 1 |a Construction Process Planning and Management: An Owner's Guide to Successful Projects  |b Electronic resource  |f S. M. Levy 
203 |a Text  |c electronic 
210 |a Amsterdam  |c Elsevier  |d 2010 
230 |a 1 компьютерный файл (pdf; 22 Mb) 
300 |a Заглавие с титульного экрана 
333 |a Режим доступа: из корпоративной сети ТПУ 
337 |a Adobe Reader 
606 1 |a Строительные организации  |x Экономика  |x Математические методы  |2 stltpush  |3 (RuTPU)RU\TPU\subj\57692  |9 75550 
610 1 |a электронный ресурс 
610 1 |a процессы 
610 1 |a планирование 
610 1 |a управление 
610 1 |a руководства 
610 1 |a проекты 
610 1 |a конкурентоспособность 
610 1 |a строительство 
675 |a 69:658.012  |v 3 
700 1 |a Levy  |b S. M.  |g Sidney 
801 1 |a RU  |b 63413507  |c 20131216 
801 2 |a RU  |b 63413507  |c 20160615  |g RCR 
856 4 |u http://www.lib.tpu.ru/fulltext2/m/2016/science_book/Construction%20Process.pdf 
942 |c CF